[Event "EYCC 2017"]
[Site "Mamaia"]
[Date "2017.09.06"]
[Round "2"]
[White "Gorshtein, Ido"]
[Black "Pultinevicius, Paulius"]
[Result "0-1"]
[WhiteElo "2189"]
[BlackElo "2381"]
[Annotator "NA"]
[PlyCount "68"]
[EventDate "2017.??.??"]
[EventType "swiss"]
[EventCountry "ROU"]
[SourceTitle "playchess.com"]
[Source "ChessBase"]
[SourceQuality "1"]
[TimeControl "40/5400+30:1800+30"]

1. e4 {[%emt 0:00:00]} e5 {[%emt 0:00:05]} 2. Nf3 {[%emt 0:00:00]} Nc6 {[%emt 0:00:06]} 3. Bb5 {[%emt 0:00:00]} a6 {[%emt 0:00:13]} 4. Ba4 {[%emt 0:00:00]} Nf6 {[%emt 0:00:07]} 5. Qe2 {[%emt 0:00:00]} b5 {[%emt 0:07:15]} 6. Bb3 {[%emt 0:00:02]} Bc5 {[%emt 0:00:18]} 7. O-O {[%emt 0:02:18]} O-O {[%emt 0:03:44]} 8. d3 {[%emt 0:01:47]} Re8 {[%emt 0:04:51]} 9. c3 {[%emt 0:03:26]} h6 {[%emt 0:05:28]} 10. Nbd2 {[%emt 0:14:12]} Bb7 {[%emt 0:00:50]} 11. Kh1 {[%emt 0:02:14]} Bf8 {[%emt 0:10:13]} 12. Rd1 {[%emt 0:03:20]} d5 {[%emt 0:01:41]} 13. Nf1 {[%emt 0:01:26]} Na5 {[%emt 0:00:59]} 14. Bc2 {[%emt 0:00:23]} c5 {[%emt 0:00:01]} 15. Ng3 {[%emt 0:01:52]} Qc7 {[%emt 0:14:13]} 16. Nh4 {[%emt 0:06:03]} g6 {[%emt 0:02:59]} 17. Qf3 {[%emt 0:03:23]} Re6 {[%emt 0:09:03]} 18. Ngf5 {[%emt 0:07:48]} gxf5 {[%emt 0:09:46]} 19. Nxf5 {[%emt 0:00:02]} dxe4 {[%emt 0:02:21]} 20. Qg3+ {[%emt 0:02:02]} Kh7 {[%emt 0:01:28]} 21. Qh4 {[%emt 0:01:51]} Ng8 {[%emt 0:04:05]} 22. dxe4 {[%emt 0:01:37]} Rg6 {[%emt 0:03:08]} 23. Rd3 {[%emt 0:05:50]} Nc6 {[%emt 0:01:44]} 24. Rf3 {[%emt 0:04:21]} Rd8 {[%emt 0:05:37]} 25. g4 {[%emt 0:04:02]} Rd7 {[%emt 0:04:29]} 26. g5 {[%emt 0:01:12]} Nd8 {[%emt 0:01:26]} 27. Qh5 {[%emt 0:16:21]} Ne6 {[%emt 0:06:54]} 28. Nh4 {[%emt 0:01:01]} Nxg5 {[%emt 0:00:33]} 29. Rxf7+ {[%emt 0:00:40]} Rxf7 {[%emt 0:00:38]} 30. Qxg6+ {[%emt 0:00:04]} Kh8 {[%emt 0:00:03]} 31. Bxg5 {[%emt 0:00:37]} hxg5 {[%emt 0:00:14]} 32. Nf5 {[%emt 0:00:15]} Rf6 {[%emt 0:00:56]} 33. Qxg5 {[%emt 0:00:37]} Qh7 {[%emt 0:00:15]} 34. f3 {[%emt 0:01:59]} Rg6 {[%emt 0:00:47]} 0-1

[Event "EYCC 2017"]
[Site "Mamaia"]
[Date "2017.09.06"]
[Round "2"]
[White "Gueci, Tea"]
[Black "Avetisyan, Mariam"]
[Result "1/2-1/2"]
[WhiteElo "2181"]
[BlackElo "1976"]
[Annotator "NA"]
[PlyCount "77"]
[EventDate "2017.??.??"]
[EventType "swiss"]
[EventCountry "ROU"]
[SourceTitle "playchess.com"]
[Source "ChessBase"]
[SourceQuality "1"]
[TimeControl "40/5400+30:1800+30"]

1. e4 {[%emt 0:00:00]} e6 {[%emt 0:00:05]} 2. d4 {[%emt 0:00:00]} d5 {[%emt 0:00:09]} 3. Nd2 {[%emt 0:00:00]} Nf6 {[%emt 0:00:05]} 4. e5 {[%emt 0:00:00]} Nfd7 {[%emt 0:00:03]} 5. Ngf3 {[%emt 0:00:29]} c5 {[%emt 0:00:12]} 6. c3 {[%emt 0:00:04]} Nc6 {[%emt 0:00:04]} 7. Bd3 {[%emt 0:00:07]} Be7 {[%emt 0:00:05]} 8. O-O {[%emt 0:00:15]} a5 {[%emt 0:00:28]} 9. a4 {[%emt 0:00:04]} cxd4 {[%emt 0:00:16]} 10. cxd4 {[%emt 0:00:06]} Nb4 {[%emt 0:01:59]} 11. Be2 {[%emt 0:00:39]} O-O {[%emt 0:04:10]} 12. Nb1 {[%emt 0:00:13]} b6 {[%emt 0:14:55]} 13. Nc3 {[%emt 0:00:15]} Ba6 {[%emt 0:00:34]} 14. Nb5 {[%emt 0:02:30]} Rc8 {[%emt 0:04:24]} 15. Bd2 {[%emt 0:07:36]} Nb8 {[%emt 0:06:13]} 16. Bc3 {[%emt 0:12:22]} N8c6 {[%emt 0:01:12]} 17. Re1 {[%emt 0:01:06]} Qd7 {[%emt 0:02:15]} 18. Bf1 {[%emt 0:09:03]} Na7 {[%emt 0:14:44]} 19. Bxb4 {[%emt 0:19:50]} Bxb4 {[%emt 0:00:18]} 20. Nd6 {[%emt 0:00:05]} Bxf1 {[%emt 0:02:26]} 21. Nxc8 {[%emt 0:00:05]} Bxe1 {[%emt 0:00:03]} 22. Nxa7 {[%emt 0:01:42]} Ba6 {[%emt 0:02:55]} 23. Qxe1 {[%emt 0:02:20]} Qxa7 {[%emt 0:00:05]} 24. Rc1 {[%emt 0:01:52]} Qd7 {[%emt 0:04:15]} 25. b3 {[%emt 0:04:12]} Rc8 {[%emt 0:02:08]} 26. Nd2 {[%emt 0:03:37]} Bd3 {[%emt 0:03:34]} 27. h3 {[%emt 0:19:02]} h6 {[%emt 0:00:09]} 28. Qd1 {[%emt 0:02:20]} Rc7 {[%emt 0:09:44]} 29. Nf1 {[%emt 0:01:22]} Bxf1 {[%emt 0:10:37]} 30. Kxf1 {[%emt 0:00:47]} Qc8 {[%emt 0:00:46]} 31. Rxc7 {[%emt 0:01:17]} Qxc7 {[%emt 0:00:27]} 32. Qd2 {[%emt 0:00:33]} Qe7 {[%emt 0:09:11]} 33. Ke2 {[%emt 0:01:11]} Qa3 {[%emt 0:01:01]} 34. Qc3 {[%emt 0:03:42]} Qa2+ {[%emt 0:00:36]} 35. Ke3 {[%emt 0:00:54]} Qb1 {[%emt 0:01:41]} 36. Qd3 {[%emt 0:00:06]} Qc1+ {[%emt 0:02:05]} 37. Qd2 {[%emt 0:00:40]} Qb1 {[%emt 0:00:25]} 38. Qd3 {[%emt 0:00:15]} Qc1+ {[%emt 0:02:09]} 39. Qd2 {[%emt 0:00:10]} 1/2-1/2

[Event "EYCC 2017"]
[Site "Mamaia"]
[Date "2017.09.06"]
[Round "2"]
[White "Volovich, Vasily"]
[Black "Tomasi, Albert"]
[Result "1/2-1/2"]
[WhiteElo "2166"]
[BlackElo "2343"]
[Annotator "NA"]
[PlyCount "86"]
[EventDate "2017.??.??"]
[EventType "swiss"]
[EventCountry "ROU"]
[SourceTitle "playchess.com"]
[Source "ChessBase"]
[SourceQuality "1"]
[TimeControl "40/5400+30:1800+30"]

1. e4 {[%emt 0:00:04]} c5 {[%emt 0:00:15]} 2. c3 {[%emt 0:00:30]} e5 {[%emt 0:00:38]} 3. Nf3 {[%emt 0:01:38]} Nc6 {[%emt 0:00:10]} 4. Bc4 {[%emt 0:02:27]} Nf6 {[%emt 0:18:10]} 5. d3 {[%emt 0:13:57]} Be7 {[%emt 0:00:39]} 6. O-O {[%emt 0:02:24]} O-O {[%emt 0:00:08]} 7. Bg5 {[%emt 0:04:10]} h6 {[%emt 0:03:12]} 8. Bxf6 {[%emt 0:01:38]} Bxf6 {[%emt 0:00:13]} 9. Nbd2 {[%emt 0:03:27]} d6 {[%emt 0:04:46]} 10. Re1 {[%emt 0:02:44]} g6 {[%emt 0:08:28]} 11. Nf1 {[%emt 0:05:39]} Bg7 {[%emt 0:00:12]} 12. Ne3 {[%emt 0:04:20]} Kh7 {[%emt 0:00:35]} 13. h4 {[%emt 0:04:00]} Ne7 {[%emt 0:19:49]} 14. h5 {[%emt 0:16:02]} g5 {[%emt 0:10:18]} 15. g4 {[%emt 0:02:09]} Be6 {[%emt 0:04:48]} 16. Nd2 {[%emt 0:04:02]} Qd7 {[%emt 0:01:24]} 17. Ndf1 {[%emt 0:03:02]} b5 {[%emt 0:14:51]} 18. Bb3 {[%emt 0:05:13]} a5 {[%emt 0:00:06]} 19. a4 {[%emt 0:05:33]} Rfb8 {[%emt 0:00:36]} 20. Ng3 {[%emt 0:02:04]} b4 {[%emt 0:01:47]} 21. Bd5 {[%emt 0:01:25]} Ra6 {[%emt 0:03:17]} 22. c4 {[%emt 0:03:20]} b3 {[%emt 0:02:11]} 23. Ngf5 {[%emt 0:01:22]} Rab6 {[%emt 0:00:30]} 24. Ra3 {[%emt 0:02:01]} Rb4 {[%emt 0:00:43]} 25. Qf3 {[%emt 0:00:56]} Nc8 {[%emt 0:02:58]} 26. Nd1 {[%emt 0:03:50]} Nb6 {[%emt 0:01:26]} 27. Nc3 {[%emt 0:00:36]} Bf8 {[%emt 0:01:12]} 28. Rea1 {[%emt 0:00:34]} Be7 {[%emt 0:00:35]} 29. Ne3 {[%emt 0:01:05]} Rf8 {[%emt 0:00:26]} 30. Nb5 {[%emt 0:00:58]} Qc8 {[%emt 0:00:22]} 31. Na7 {[%emt 0:00:55]} Qd7 {[%emt 0:00:39]} 32. Nc6 {[%emt 0:00:49]} Qc7 {[%emt 0:00:34]} 33. Nxb4 {[%emt 0:00:48]} cxb4 {[%emt 0:00:09]} 34. Rxb3 {[%emt 0:00:06]} Nd7 {[%emt 0:00:03]} 35. Qd1 {[%emt 0:00:44]} Nc5 {[%emt 0:00:07]} 36. Kg2 {[%emt 0:01:21]} Bd7 {[%emt 0:01:05]} 37. d4 {[%emt 0:01:16]} exd4 {[%emt 0:00:52]} 38. Nf5 {[%emt 0:00:08]} Nxb3 {[%emt 0:00:21]} 39. Qxb3 {[%emt 0:00:19]} Bf6 {[%emt 0:00:07]} 40. Qf3 {[%emt 0:00:00]} Bxf5 {[%emt 0:01:12]} 41. Qxf5+ {[%emt 0:06:28]} Kg7 {[%emt 0:00:06]} 42. b3 {[%emt 0:04:00]} Be5 {[%emt 0:01:48]} 43. Qf3 {[%emt 0:01:27]} Qe7 {[%emt 0:06:46]} 1/2-1/2

[Event "EYCC 2017"]
[Site "Mamaia"]
[Date "2017.09.06"]
[Round "2"]
[White "Beydullayeva, Govhar"]
[Black "Vidruk, Mariia"]
[Result "1-0"]
[WhiteElo "2164"]
[BlackElo "1848"]
[Annotator "NA"]
[PlyCount "77"]
[EventDate "2017.??.??"]
[EventType "swiss"]
[EventCountry "ROU"]
[SourceTitle "playchess.com"]
[Source "ChessBase"]
[SourceQuality "1"]
[TimeControl "40/5400+30:1800+30"]

1. d4 {[%emt 0:00:00]} Nf6 {[%emt 0:00:16]} 2. c4 {[%emt 0:00:00]} e6 {[%emt 0:00:11]} 3. Nf3 {[%emt 0:00:00]} b6 {[%emt 0:00:17]} 4. g3 {[%emt 0:00:11]} Ba6 {[%emt 0:00:46]} 5. b3 {[%emt 0:00:17]} Bb4+ {[%emt 0:01:34]} 6. Bd2 {[%emt 0:00:12]} Be7 {[%emt 0:00:31]} 7. Bg2 $11 {[%emt 0:00:40] LiveBook: 3391 Games} d5 {[%emt 0:00:26]} 8. Ne5 {[%emt 0:11:48]} Ne4 {[%emt 0:05:58]} 9. Qc2 {[%emt 0:19:29]} Bb7 {[%emt 0:00:57]} 10. cxd5 {[%emt 0:03:31]} exd5 {[%emt 0:00:19]} 11. O-O {[%emt 0:00:35]} O-O {[%emt 0:01:16]} 12. Bf4 {[%emt 0:01:28]} Bd6 {[%emt 0:05:42]} 13. Nc3 {[%emt 0:05:05]} Nxc3 {[%emt 0:02:13]} 14. Qxc3 {[%emt 0:00:03]} Re8 {[%emt 0:01:42]} 15. Rfe1 {[%emt 0:06:35]} Qe7 {[%emt 0:07:58]} 16. Nd3 {[%emt 0:01:47]} Nd7 {[%emt 0:01:11]} 17. b4 {[%emt 0:01:55]} Rac8 {[%emt 0:05:30]} 18. Qb3 {[%emt 0:02:36]} Bxf4 {[%emt 0:05:11]} 19. Nxf4 {[%emt 0:00:09]} Nf6 {[%emt 0:01:04]} 20. b5 {[%emt 0:02:17]} Red8 {[%emt 0:05:22]} 21. Bh3 {[%emt 0:00:44]} Ra8 {[%emt 0:00:59]} 22. Qc2 {[%emt 0:08:22]} a6 {[%emt 0:07:06]} 23. a4 {[%emt 0:01:37]} Rd6 {[%emt 0:03:04]} 24. Rec1 {[%emt 0:02:55]} c6 {[%emt 0:01:03]} 25. bxc6 {[%emt 0:01:14]} Rxc6 {[%emt 0:01:04]} 26. Qb2 {[%emt 0:02:34]} Rb8 {[%emt 0:02:02]} 27. Nd3 {[%emt 0:01:55]} Ne4 {[%emt 0:03:10]} 28. Rxc6 {[%emt 0:04:29]} Bxc6 {[%emt 0:00:25]} 29. Ne5 {[%emt 0:00:22]} Qf6 {[%emt 0:01:45]} 30. f3 {[%emt 0:02:44]} Ng5 {[%emt 0:00:51]} 31. Bd7 {[%emt 0:03:00]} Ba8 {[%emt 0:02:01]} 32. Qb4 {[%emt 0:05:21]} a5 {[%emt 0:04:45]} 33. Qc3 {[%emt 0:01:28]} Ne6 {[%emt 0:03:12]} 34. Rc1 {[%emt 0:03:24]} Rd8 {[%emt 0:02:04]} 35. Bxe6 {[%emt 0:02:19]} Qxe6 {[%emt 0:00:51]} 36. Qc7 {[%emt 0:00:32]} Re8 {[%emt 0:01:52]} 37. Rb1 {[%emt 0:01:38]} Qh6 {[%emt 0:01:15]} 38. Qxf7+ {[%emt 0:00:10]} Kh8 {[%emt 0:00:19]} 39. Qxe8# {[%emt 0:00:05]} 1-0

[Event "EYCC 2017"]
[Site "Mamaia"]
[Date "2017.09.06"]
[Round "2"]
[White "Korchagina, Alena"]
[Black "Jakab, Kincso"]
[Result "1-0"]
[WhiteElo "2158"]
[BlackElo "1944"]
[Annotator "NA"]
[PlyCount "92"]
[EventDate "2017.??.??"]
[EventType "swiss"]
[EventCountry "ROU"]
[SourceTitle "playchess.com"]
[Source "ChessBase"]
[SourceQuality "1"]
[TimeControl "40/5400+30:1800+30"]

1. d4 {[%emt 0:00:00]} d5 {[%emt 0:00:09]} 2. c4 {[%emt 0:00:00]} e6 {[%emt 0:00:06]} 3. cxd5 {[%emt 0:00:01]} exd5 {[%emt 0:00:08]} 4. Nc3 {[%emt 0:00:16]} c6 {[%emt 0:00:51]} 5. Qc2 {[%emt 0:01:22]} Bd6 {[%emt 0:01:05]} 6. Nf3 {[%emt 0:01:38]} Ne7 {[%emt 0:04:08]} 7. Bg5 {[%emt 0:02:44]} Bf5 {[%emt 0:06:42]} 8. Qxf5 {[%emt 0:12:09]} Nxf5 {[%emt 0:00:40]} 9. Bxd8 {[%emt 0:00:05]} Kxd8 {[%emt 0:00:22]} 10. e3 {[%emt 0:00:17]} f6 {[%emt 0:03:29]} 11. Bd3 {[%emt 0:02:16]} Ne7 {[%emt 0:01:16]} 12. h4 {[%emt 0:04:54]} h5 {[%emt 0:08:09]} 13. g3 {[%emt 0:04:26]} a5 {[%emt 0:02:19]} 14. Ne2 {[%emt 0:03:31]} Na6 {[%emt 0:03:08]} 15. Nf4 {[%emt 0:02:52]} Nc7 {[%emt 0:00:54]} 16. Nd2 {[%emt 0:01:16]} Kd7 {[%emt 0:08:17]} 17. Be2 {[%emt 0:09:07]} g6 {[%emt 0:06:46]} 18. Bd3 {[%emt 0:02:07]} Rag8 {[%emt 0:02:38]} 19. Ke2 {[%emt 0:05:01]} Ne6 {[%emt 0:04:25]} 20. Rae1 {[%emt 0:11:11]} Bb4 {[%emt 0:16:32]} 21. a3 {[%emt 0:03:50]} Bxd2 {[%emt 0:04:09]} 22. Kxd2 {[%emt 0:00:08]} f5 {[%emt 0:03:23]} 23. Be2 {[%emt 0:06:27]} Nd8 {[%emt 0:04:33]} 24. b4 {[%emt 0:04:46]} axb4 {[%emt 0:01:59]} 25. axb4 {[%emt 0:01:01]} Nf7 {[%emt 0:01:17]} 26. Ra1 {[%emt 0:02:16]} Ra8 {[%emt 0:01:05]} 27. Nd3 {[%emt 0:00:48]} Nd6 {[%emt 0:02:00]} 28. Ne5+ {[%emt 0:01:33]} Ke6 {[%emt 0:00:57]} 29. f3 {[%emt 0:01:02]} b5 {[%emt 0:02:23]} 30. Rhc1 {[%emt 0:05:41]} Nc4+ {[%emt 0:00:56]} 31. Nxc4 {[%emt 0:03:31]} bxc4 {[%emt 0:01:59]} 32. Kc3 {[%emt 0:03:44]} Rhg8 {[%emt 0:01:54]} 33. Ra5 {[%emt 0:05:34]} Rxa5 {[%emt 0:02:19]} 34. bxa5 {[%emt 0:00:00]} Ra8 {[%emt 0:00:16]} 35. Ra1 {[%emt 0:00:12]} Ra6 {[%emt 0:00:19]} 36. Kb4 {[%emt 0:01:31]} Kd6 {[%emt 0:00:26]} 37. Rb1 {[%emt 0:00:28]} Ng8 {[%emt 0:02:29]} 38. e4 {[%emt 0:00:32]} fxe4 {[%emt 0:02:01]} 39. fxe4 {[%emt 0:00:00]} Ra8 {[%emt 0:00:44]} 40. e5+ {[%emt 0:00:00]} Ke6 {[%emt 0:01:50]} 41. Ka4 {[%emt 0:04:38]} Ne7 {[%emt 0:03:02]} 42. g4 {[%emt 0:07:04]} Ra7 {[%emt 0:12:51]} 43. Rf1 {[%emt 0:07:31]} Ng8 {[%emt 0:01:16]} 44. Rf8 {[%emt 0:03:14]} Ne7 {[%emt 0:05:32]} 45. gxh5 {[%emt 0:02:00]} gxh5 {[%emt 0:00:16]} 46. Bxh5 {[%emt 0:00:29]} Ra8 1-0

[Event "EYCC 2017"]
[Site "Mamaia"]
[Date "2017.09.06"]
[Round "2"]
[White "Voloshchuk, Iliya"]
[Black "Schitco, Ivan"]
[Result "0-1"]
[WhiteElo "2156"]
[BlackElo "2325"]
[Annotator "NA"]
[PlyCount "74"]
[EventDate "2017.??.??"]
[EventType "swiss"]
[EventCountry "ROU"]
[SourceTitle "playchess.com"]
[Source "ChessBase"]
[SourceQuality "1"]
[TimeControl "40/5400+30:1800+30"]

1. d4 Nf6 {[%emt 0:00:16]} 2. Bf4 {[%emt 0:00:00]} d5 {[%emt 0:00:15]} 3. e3 {[%emt 0:00:00]} c5 {[%emt 0:00:10]} 4. dxc5 {[%emt 0:00:00]} Nc6 {[%emt 0:00:52]} 5. Bb5 {[%emt 0:00:00]} e6 {[%emt 0:01:30]} 6. b4 {[%emt 0:00:07]} a5 {[%emt 0:01:43]} 7. c3 {[%emt 0:00:00]} Bd7 {[%emt 0:01:13]} 8. Qb3 {[%emt 0:00:00]} Ne4 {[%emt 0:11:12]} 9. f3 {[%emt 0:00:18]} g5 {[%emt 0:02:16]} 10. Bxc6 {[%emt 0:12:37]} bxc6 {[%emt 0:10:58]} 11. Be5 {[%emt 0:02:20]} Nf6 {[%emt 0:11:29]} 12. Ne2 {[%emt 0:02:56]} Bg7 {[%emt 0:02:20]} 13. O-O {[%emt 0:03:04]} O-O {[%emt 0:03:10]} 14. a4 {[%emt 0:12:05]} Ne8 {[%emt 0:03:42]} 15. Bxg7 {[%emt 0:01:24]} Nxg7 {[%emt 0:00:35]} 16. e4 {[%emt 0:05:15]} Qc7 {[%emt 0:06:19]} 17. Nd2 {[%emt 0:03:48]} Rab8 {[%emt 0:03:09]} 18. Rab1 {[%emt 0:04:38]} Rb7 {[%emt 0:02:31]} 19. Qa3 {[%emt 0:05:15]} Rfb8 {[%emt 0:04:41]} 20. Rfe1 {[%emt 0:05:00]} h6 {[%emt 0:03:38]} 21. Rb3 {[%emt 0:06:48]} Nh5 {[%emt 0:04:32]} 22. Qb2 {[%emt 0:04:42]} e5 {[%emt 0:03:36]} 23. exd5 {[%emt 0:04:42]} cxd5 {[%emt 0:00:18]} 24. Ra1 {[%emt 0:10:57]} axb4 {[%emt 0:03:02]} 25. cxb4 {[%emt 0:00:09]} Rxb4 {[%emt 0:01:27]} 26. Rxb4 {[%emt 0:00:18]} Qxc5+ {[%emt 0:00:06]} 27. Qd4 {[%emt 0:00:13]} exd4 {[%emt 0:01:55]} 28. Rxb8+ {[%emt 0:00:06]} Kg7 {[%emt 0:00:07]} 29. Nc1 {[%emt 0:03:47]} d3+ {[%emt 0:01:21]} 30. Kh1 {[%emt 0:00:12]} Qf2 {[%emt 0:01:07]} 31. Ncb3 {[%emt 0:00:37]} Nf4 {[%emt 0:00:36]} 32. Rg1 {[%emt 0:00:07]} Bxa4 {[%emt 0:00:49]} 33. g3 {[%emt 0:00:46]} Bxb3 {[%emt 0:01:18]} 34. gxf4 {[%emt 0:01:02]} Qxd2 {[%emt 0:00:20]} 35. Rxb3 {[%emt 0:00:45]} Qe2 {[%emt 0:00:26]} 36. Rbb1 {[%emt 0:00:50]} Qxf3+ {[%emt 0:00:17]} 37. Rg2 {[%emt 0:00:02]} d2 {[%emt 0:00:22]} 0-1

[Event "EYCC 2017"]
[Site "Mamaia"]
[Date "2017.09.06"]
[Round "2"]
[White "Juksta, Karolis"]
[Black "Kucuksari, Kaan"]
[Result "0-1"]
[WhiteElo "2147"]
[BlackElo "2319"]
[Annotator "NA"]
[PlyCount "60"]
[EventDate "2017.??.??"]
[EventType "swiss"]
[EventCountry "ROU"]
[SourceTitle "playchess.com"]
[Source "ChessBase"]
[SourceQuality "1"]
[TimeControl "40/5400+30:1800+30"]

1. d4 {[%emt 0:00:00]} f5 {[%emt 0:00:06]} 2. Nc3 {[%emt 0:00:03]} d5 {[%emt 0:01:39]} 3. Bf4 {[%emt 0:00:18]} Nf6 {[%emt 0:01:15]} 4. Nb5 {[%emt 0:00:21]} Na6 {[%emt 0:00:52]} 5. c4 {[%emt 0:00:02]} dxc4 {[%emt 0:12:11]} 6. a4 $11 {[%emt 0:10:39]} Nd5 {[%emt 0:09:48]} 7. Bd2 {[%emt 0:13:11]} e6 {[%emt 0:21:24]} 8. e3 {[%emt 0:01:14]} c6 {[%emt 0:02:28]} 9. Na3 {[%emt 0:17:46]} Bxa3 {[%emt 0:00:59]} 10. Rxa3 {[%emt 0:00:16]} b5 {[%emt 0:02:28]} 11. axb5 {[%emt 0:18:17]} cxb5 {[%emt 0:00:11]} 12. Qa1 {[%emt 0:01:31]} Nab4 {[%emt 0:11:54]} 13. Bxb4 {[%emt 0:03:53]} Nxb4 {[%emt 0:00:09]} 14. Rc3 {[%emt 0:00:25]} Bb7 {[%emt 0:05:32]} 15. Nh3 {[%emt 0:05:19]} Be4 {[%emt 0:04:15]} 16. Qd1 {[%emt 0:03:49]} Qa5 {[%emt 0:06:48]} 17. f3 {[%emt 0:05:20]} Bd3 {[%emt 0:10:11]} 18. Kf2 {[%emt 0:08:21]} e5 {[%emt 0:03:00]} 19. Bxd3 {[%emt 0:04:15]} Nxd3+ {[%emt 0:00:12]} 20. Rxd3 {[%emt 0:00:04]} cxd3 {[%emt 0:00:02]} 21. Qxd3 {[%emt 0:00:25]} O-O {[%emt 0:00:33]} 22. Rd1 {[%emt 0:02:19]} exd4 {[%emt 0:01:16]} 23. exd4 {[%emt 0:00:02]} Qb4 {[%emt 0:00:00]} 24. Rd2 {[%emt 0:01:36]} Rac8 {[%emt 0:03:20]} 25. Nf4 {[%emt 0:01:49]} Qc4 {[%emt 0:01:18]} 26. Qb1 {[%emt 0:00:22]} Rcd8 {[%emt 0:00:56]} 27. Qd1 {[%emt 0:00:41]} Rf7 {[%emt 0:00:27]} 28. g3 {[%emt 0:00:50]} Rfd7 {[%emt 0:00:22]} 29. b3 {[%emt 0:00:20]} Rxd4 {[%emt 0:00:36]} 30. Rxd4 {[%emt 0:00:59]} Qxd4+ {[%emt 0:00:09]} 0-1

[Event "EYCC 2017"]
[Site "Mamaia"]
[Date "2017.09.06"]
[Round "2"]
[White "Remizov, Yaroslav"]
[Black "Stefansson, Vignir Vatnar"]
[Result "1/2-1/2"]
[WhiteElo "2146"]
[BlackElo "2312"]
[Annotator "NA"]
[PlyCount "107"]
[EventDate "2017.??.??"]
[EventType "swiss"]
[EventCountry "ROU"]
[SourceTitle "playchess.com"]
[Source "ChessBase"]
[SourceQuality "1"]
[TimeControl "40/5400+30:1800+30"]

1. e4 {[%emt 0:00:00]} e6 {[%emt 0:00:07]} 2. d4 {[%emt 0:00:00]} d5 {[%emt 0:00:07]} 3. Nc3 {[%emt 0:00:00]} Bb4 {[%emt 0:00:12]} 4. e5 {[%emt 0:00:00]} c5 {[%emt 0:00:13]} 5. a3 {[%emt 0:00:00]} Bxc3+ {[%emt 0:00:07]} 6. bxc3 {[%emt 0:00:00]} Qa5 {[%emt 0:00:11]} 7. Bd2 {[%emt 0:00:20]} Qa4 {[%emt 0:00:02]} 8. Qg4 {[%emt 0:04:41]} Kf8 {[%emt 0:00:03]} 9. Kd1 {[%emt 0:01:15]} Ne7 {[%emt 0:05:35]} 10. Nf3 {[%emt 0:01:00]} h6 {[%emt 0:04:51]} 11. h4 {[%emt 0:02:13]} b6 {[%emt 0:02:17]} 12. h5 {[%emt 0:03:16]} Ba6 {[%emt 0:02:24]} 13. Bxa6 {[%emt 0:00:15]} Nxa6 {[%emt 0:01:19]} 14. Rh3 {[%emt 0:00:59]} Rc8 {[%emt 0:07:34]} 15. Nh4 {[%emt 0:01:00]} Rg8 {[%emt 0:08:04]} 16. Rf3 {[%emt 0:01:23]} Ke8 {[%emt 0:00:10]} 17. Qf4 {[%emt 0:00:29]} Kd7 {[%emt 0:01:25]} 18. dxc5 {[%emt 0:02:20]} Nxc5 {[%emt 0:11:41]} 19. Qxa4+ {[%emt 0:00:06]} Nxa4 {[%emt 0:00:11]} 20. Rxf7 {[%emt 0:00:03]} Ke8 {[%emt 0:00:21]} 21. Rf4 {[%emt 0:03:56]} Nb2+ {[%emt 0:06:35]} 22. Ke2 {[%emt 0:02:38]} Nc4 {[%emt 0:00:03]} 23. a4 {[%emt 0:09:29]} Kd7 {[%emt 0:06:05]} 24. Nf3 {[%emt 0:02:16]} Rcf8 {[%emt 0:00:37]} 25. Be3 {[%emt 0:09:32]} Nc6 {[%emt 0:01:38]} 26. Rxf8 {[%emt 0:00:14]} Rxf8 {[%emt 0:00:09]} 27. Bd4 {[%emt 0:00:03]} Rf5 {[%emt 0:00:29]} 28. g4 {[%emt 0:04:25]} Rf4 {[%emt 0:00:12]} 29. Rg1 {[%emt 0:01:35]} Re4+ {[%emt 0:00:38]} 30. Kd1 {[%emt 0:07:07]} Nb2+ {[%emt 0:12:10]} 31. Kd2 {[%emt 0:03:47]} Nc4+ {[%emt 0:00:10]} 32. Kd1 {[%emt 0:00:54]} Nb2+ {[%emt 0:02:13]} 33. Kc1 {[%emt 0:02:07]} Nxa4 {[%emt 0:00:11]} 34. g5 {[%emt 0:00:43]} Nxd4 {[%emt 0:01:32]} 35. cxd4 {[%emt 0:03:18]} Rf4 {[%emt 0:00:10]} 36. gxh6 {[%emt 0:04:52]} gxh6 {[%emt 0:01:45]} 37. Rg7+ {[%emt 0:04:20]} Kc6 {[%emt 0:00:13]} 38. Ne1 {[%emt 0:01:10]} Rxd4 {[%emt 0:02:01]} 39. Rg6 {[%emt 0:01:07]} Nc5 {[%emt 0:02:53]} 40. Rxh6 {[%emt 0:00:00]} Rf4 {[%emt 0:00:11]} 41. Nd3 Nxd3+ {[%emt 0:01:05]} 42. cxd3 {[%emt 0:14:23]} Kd7 {[%emt 0:03:48]} 43. Rf6 {[%emt 0:02:38]} Rh4 {[%emt 0:00:08]} 44. h6 {[%emt 0:00:35]} Ke7 {[%emt 0:01:40]} 45. Kd2 {[%emt 0:05:29]} a5 {[%emt 0:00:30]} 46. Kc3 {[%emt 0:00:30]} b5 {[%emt 0:00:57]} 47. f4 {[%emt 0:00:19]} b4+ {[%emt 0:01:40]} 48. Kb3 {[%emt 0:03:03]} Rh3 {[%emt 0:00:10]} 49. f5 {[%emt 0:00:10]} exf5 {[%emt 0:01:42]} 50. Ka4 {[%emt 0:04:07]} f4 {[%emt 0:05:21]} 51. Kxa5 {[%emt 0:01:47]} b3 {[%emt 0:00:47]} 52. Rxf4 {[%emt 0:00:03]} Ke6 {[%emt 0:02:08]} 53. Rb4 {[%emt 0:08:32]} Rxd3 {[%emt 0:02:32]} 54. Ka4 {[%emt 0:00:10]} 1/2-1/2